| 000 | 00664nam a22002657a 4500 | ||
|---|---|---|---|
| 003 | UA-OsUOA | ||
| 001 | 67472 | ||
| 007 | ta | ||
| 008 | 20100223b un ||||| |||| 00| 0 ukr d | ||
| 100 | _aКостюк В. | ||
| 700 | _aАндрющенко А. | ||
| 700 | _aБорейко І. | ||
| 090 |
_a330(075.8) _bК72 |
||
| 942 | _cBK | ||
| 040 |
_aUA-OsUOA _bukr _cUA-OsUOA _dUA-OsUOA |
||
| 245 | _aЕкономічна теорія | ||
| 300 | _a282 с. | ||
| 955 | _a2 | ||
| 041 | _aukr | ||
| 080 | _a330(075.8) | ||
| 020 | _a978-966-364-764-7 | ||
| 260 |
_aК. _bЦУЛ _c2009 |
||
| 650 | 7 |
_a330 Економіка взагалі _2UDC |
|
| 999 |
_c353560 _d353560 |
||